01900nkc a2200265za 450000100060000000300040000600500170001000700070002700800410003404000240007524501090009926000350020830000960024350002460033950002800058550000880086550003120095354400750126561000510134065100180139165500350140971000280144485200120147285601500148484580OSt20260423160414.0kh boc250410s1909 sp ||||| ||||||0| i|spa d cM-RABAaM-RABAbspa00aDelicias de las artes y de las cienciasb: por D. Alfonso Bergazh[Material gráfico]c/ Alfonso Bergaz b[Hauser y Menet]c, [ca. 1909] a1 fotografía b: gelatina de platac; imagen 20,5 x 8 cmc; soporte secundario 30 x 24 cm aFotografía del relieve "Las delicias de las ciencias y las artes" de Alfonso Bergaz, entregado para su recepción como académico. Se conserva en el Museo de la Real Academia de Bellas Artes de San Fernando con nº de inventario E-353.  aMontada sobre un soporte secundario de cartón, con texto manuscrito a lápiz en la parte inferior al recto: "Delicias de las artes y de las ciencias por D. Alfonso Bergaz. Para la recepción de Académico-1774". Nota manuscrita al verso a lápiz rojo: "Alfonso Bergaz". aFecha probable de la realización de la fotografía realizada por Hauser y Menet. aAunque sobre el soporte secundario aparece manuscrito a lápiz el nombre del escultor Alfonso Bergaz, es probable que se trate de una errata, puesto que el relieve original de fue entregado a la Academia para la recepción de académico en el año 1774, año en el que Alfonso Giraldo Bergaz nacería. aArchivo de la Real Academia de Bellas Artes de San Fernando (Le-4-29-124aReal Academia de Bellas Artes de San Fernando. 7aMadrid2embne 7aFotografías de obras de arte2 aHauser y Menet (Madrid) jFot-607 3Fot-607uhttps://archivoybiblioteca.realacademiabellasartessanfernando.com/cgi-bin/koha/opac-retrieve-file.pl?id=58a1ad1650ced645f473a6239deb113d